00701cam a22002177a 4500003000500000005001700005008004100022010001000063011001000073035001000083040000900093100003400102245011600136260008600252300001000338490002400348650002100372650003600393700003000429830002400459CHAP20220329135423.0971013s1970 mex r 00010 spa d a36166 a37138 a41257 cCHAP00aPalacios Vélez, Oscar Luis. 0aInstructivo para el muestreo, registro de datos e interpretación de la calidad del agua para riego agrícola aChapingo, Méx. :bENA. Colegio de Postgraduados. Rama de Riego y Drenaje,c1970 a49 p. 0aSerie apuntesv; 1513aAguaxAnálisis14aAgua para irrigacionxAnalisis.0 aAceves Navarro, Everardo.0 aSerie apuntesv; 15